书目信息 |
| 题名: |
车辆移动感知网络技术与应用
|
|
| 作者: | 曾园园 , 项慨 著 | |
| 分册: | ||
| 出版信息: | 北京 清华大学出版社 2018 |
|
| 页数: | 142页 | |
| 开本: | 23cm | |
| 丛书名: | ||
| 单 册: | ||
| 中图分类: | U463.67 | |
| 科图分类: | ||
| 主题词: | 汽车--计算机网络--研究 | |
| 电子资源: | ||
| ISBN: | 978-7-302-49856-8 | |
| 000 | 00877nam0 2200241 450 | |
| 001 | 1400 | |
| 005 | 20180928095257.67 | |
| 010 | @a978-7-302-49856-8@dCNY69.00 | |
| 100 | @a20180819d2018 em y0chiy50 ea | |
| 101 | 0 | @achi |
| 102 | @aCN@b110000 | |
| 105 | @aa z 000yy | |
| 200 | 1 | @a车辆移动感知网络技术与应用@9che liang yi dong gan zhi wang luo ji shu yu ying yong@f曾园园,项慨著 |
| 210 | @a北京@c清华大学出版社@d2018 | |
| 215 | @a142页@c图@d23cm | |
| 300 | @a清华汇智文库 | |
| 330 | @a本书致力于车辆移动感知网络的若干技术难点,从道路交通监测应用的角度出发,针对车辆联网感知架构、感知方法、数据收集与获取等内容展开探讨,提出了新方法并进行分析和评估。 | |
| 606 | 0 | @a汽车@x计算机网络@x研究 |
| 690 | @aU463.67@v5 | |
| 701 | 0 | @a曾园园@9zeng yuan yuan@c(女,@f1980-)@4著 |
| 701 | 0 | @a项慨@9xiang kai@4著 |
| 801 | 0 | @aCN@b91MARC@c20180819 |
| 905 | @aMuseLib@dU463.67@e735 | |
| 车辆移动感知网络技术与应用/曾园园,项慨著.-北京:清华大学出版社,2018 |
| 142页:图;23cm |
| 清华汇智文库 |
| ISBN 978-7-302-49856-8:CNY69.00 |
| 本书致力于车辆移动感知网络的若干技术难点,从道路交通监测应用的角度出发,针对车辆联网感知架构、感知方法、数据收集与获取等内容展开探讨,提出了新方法并进行分析和评估。 |
| ● |
| 相关链接 |
|
|
|
|
正题名:车辆移动感知网络技术与应用
索取号:U463.67/735
 
预约/预借
| 序号 | 登录号 | 条形码 | 馆藏地/架位号 | 状态 | 备注 |
| 1 | 1122496 | 211224968 | 第二样本阅览室/ [索取号:U463.67/735] | 在馆 | |
| 2 | 1122497 | 211224977 | 第三借阅区/ [索取号:U463.67/735] | 在馆 | |
| 3 | 1122498 | 211224986 | 密集书库-物理学院/ [索取号:U463.67/735] | 在馆 | |
| 4 | 1122499 | 211224995 | 第三借阅区/ [索取号:U463.67/735] | 在馆 | |
| 5 | 1122500 | 211225002 | 第三借阅区/ [索取号:U463.67/735] | 在馆 |